Sports Quiz

Random Sports or Country Quiz

NHL 2010 Olympians Quiz Stats

 Plays Quiz not verified by Sporcle

Challenge
Share
Tweet
Embed
Score 0/139 Timer 20:00
0 Plays Today
Country Player % Correct
RussiaAlexander Ovechkin
89.4%
CanadaSidney Crosby
87.4%
United StatesPatrick Kane
85.1%
RussiaEvgeni Malkin
84.3%
CanadaJonathan Toews
83.7%
RussiaIlya Kovalchuk
83.1%
CanadaRoberto Luongo
82%
SwitzerlandJonas Hiller
80.9%
United StatesRyan Miller
80.6%
CanadaJoe Thornton
80.3%
RussiaAlexander Semin
79.7%
CanadaJarome Iginla
79.7%
CanadaRyan Getzlaf
79.4%
CanadaEric Staal
79.4%
CanadaCorey Perry
79.1%
SlovakiaZdeno Chara
78.6%
CanadaRick Nash
78.3%
CanadaPatrick Marleau
78%
CanadaMartin Brodeur
77.4%
CanadaDany Heatley
76.3%
SwedenDaniel Sedin
75.7%
SwedenHenrik Sedin
75.7%
CanadaChris Pronger
75.7%
CanadaDuncan Keith
75.1%
United StatesZach Parise
75.1%
CanadaMike Richards
74.9%
RussiaPavel Datsyuk
74%
FinlandSaku Koivu
73.1%
FinlandNicklas Backstrom
73.1%
FinlandMikko Koivu
73.1%
SwedenNicklas Backstrom
73.1%
CanadaMarc-Andre Fleury
72.9%
CanadaBrent Seabrook
72.6%
CanadaShea Weber
72.6%
United StatesTim Thomas
72.3%
SwedenHenrik Zetterberg
72%
United StatesRyan Kesler
72%
FinlandTeemu Selanne
71.4%
CanadaDan Boyle
70.6%
United StatesBobby Ryan
70.6%
SlovakiaMarian Hossa
70.3%
CanadaScott Niedermayer
69.7%
CanadaPatrice Bergeron
69.4%
United StatesPhil Kessel
69.4%
SwitzerlandMark Streit
69.1%
CanadaDrew Doughty
68.9%
United StatesJack Johnson
68.9%
Country Player % Correct
United StatesErik Johnson
68.9%
SwedenNicklas Lidstrom
67.4%
United StatesJonathan Quick
66%
United StatesDustin Brown
65.7%
United StatesPaul Stastny
64.9%
RussiaSergei Gonchar
64.6%
RussiaEvgeni Nabokov
64%
CanadaBrenden Morrow
64%
SwedenDaniel Alfredsson
62.9%
FinlandMiikka Kiprusoff
60.6%
GermanyMarco Sturm
59.7%
United StatesBrian Rafalski
59.7%
FinlandOlli Jokinen
58.9%
SlovakiaMarian Gaborik
58.9%
United StatesJamie Langenbrunner
58%
United StatesRyan Suter
57.7%
United StatesDavid Backes
57.7%
BelarusSergei Kostitsyn
57.1%
SwedenHenrik Lundqvist
56.9%
United StatesRyan Callahan
56.6%
United StatesChris Drury
56.6%
United StatesBrooks Orpik
56.6%
SwedenJohan Franzen
55.4%
United StatesJoe Pavelski
55.4%
RussiaIlya Bryzgalov
53.4%
RussiaAndrei Markov
51.7%
United StatesRyan Malone
50.9%
Czech RepublicPatrik Elias
50.6%
RussiaSemyon Varlamov
50%
FinlandTuomo Ruutu
47.4%
FinlandJarkko Ruutu
47.4%
FinlandKimmo Timonen
46.3%
Czech RepublicDavid Krejci
46%
GermanyMarcel Goc
45.1%
GermanyChristian Ehrhoff
45.1%
United StatesRyan Whitney
44.9%
SwedenNiklas Kronwall
43.4%
SwedenLoui Eriksson
42.9%
SlovakiaJaroslav Halak
42.6%
SlovakiaPavol Demitra
42%
FinlandSami Salo
41.4%
GermanyJochen Hecht
41.1%
RussiaMaxim Afinogenov
40.6%
Czech RepublicMartin Havlat
40.6%
RussiaAnton Volchenkov
39.7%
Czech RepublicTomas Kaberle
39.7%
Czech RepublicTomas Vokoun
39.1%
Country Player % Correct
Czech RepublicTomas Plekanec
39.1%
United StatesTim Gleason
38.9%
FinlandValterri Filppula
38.3%
GermanyThomas Greiss
38%
GermanyDennis Seidenberg
37.1%
FinlandJere Lehtinen
36.6%
Czech RepublicMilan Michalek
35.7%
Czech RepublicZbynek Michalek
35.7%
BelarusRuslan Salei
34.6%
Czech RepublicMartin Erat
34.6%
SwedenMattias Ohlund
34.6%
RussiaFedor Tyutin
32.3%
SwedenJonas Gustavsson
30.6%
SlovakiaPeter Budaj
30.3%
FinlandToni Lydman
29.7%
SlovakiaTomas Kopecky
29.7%
SlovakiaMiroslav Satan
28.9%
SwedenDouglas Murray
28.9%
SwedenPatric Hornqvist
28.6%
FinlandNiklas Hagman
28.3%
SwedenTobias Enstrom
28.3%
LatviaKarlis Skrastins
28%
FinlandJoni Pitkanen
28%
SlovakiaLubomir Visnovsky
28%
Czech RepublicOndrej Pavelec
27.1%
Czech RepublicMarek Zidlicky
25.4%
SwedenHenrik Tallinder
25.4%
Czech RepublicTomas Fleischmann
24.9%
LatviaOskars Bartulis
24.6%
Czech RepublicPavel Kubina
24.6%
FinlandAntti Miettinen
24.3%
FinlandAntero Niittymaki
23.7%
SlovakiaMichal Handzus
23.4%
SwedenJohnny Oduya
23.4%
SwedenFredrik Modin
22.6%
SlovakiaAndrej Sekera
21.4%
Czech RepublicFilip Kuba
18.3%
SlovakiaAndrej Meszaros
18%
Czech RepublicJan Hejda
16.3%
FinlandSami Lepisto
15.4%
Czech RepublicRoman Polak
15.1%
SwedenSamuel Pahlsson
14%
GermanyAlexander Sulzer
13.7%
RussiaDenis Grebeshkov
13.4%
SlovakiaMilan Jurcina
11.7%

You're not logged in!

Compare scores with friends on all Sporcle quizzes.
OR
Log In

You Might Also Like...

Show Comments

Extras

Top Quizzes Today


Score Distribution

Your Account Isn't Verified!

In order to create a playlist on Sporcle, you need to verify the email address you used during registration. Go to your Sporcle Settings to finish the process.

Report this User

Report this user for behavior that violates our Community Guidelines.

Details: